000 00620nam a2200241#a 4500
001 00873
003 HDC
007 ta
008 230623s2008 xx 000 0 eng d
020 _a9788176221993 (hbk.).
040 _aHDC
050 _aSF 239
_b.R36 2008
100 _aRao, P. Venkateshwara
245 0 _aPrinciples of dairy management /
_cby P. Venkareshwara Rao
264 _aNew Delhi :
_bBiotech Books,
_c2008
300 _a274p. :
_b ill.;
_c 22cm
500 _aContains verses from the Koran
650 _aDairy products
942 _2lcc
942 _cBK
942 _kSF 239
942 _m.R36 2008
999 _c22478
_d22478